Logo BPK

Biblioteka

Politechniki Koszalińskiej

Mikroprocesory : (Rekord nr 23936)

Szczegóły MARC
000 -ETYKIETA REKORDU
podpole kontrolne o stałej długości 00388nam a2200121 i 4500
001 - NUMER KONTROLNY REKORDU
pole kontrolne bg
040 ## - ŹRÓDŁO KATALOGOWANIA
Instytucja, która utworzyła rekord BPK
041 ## - KOD JĘZYKA
Kod języka tekstu pol
008 - POLE O STAŁEJ DŁUGOŚCI - DANE KONTROLNE
podpole kontrolne o stałej długości s pl f |000 0 pol
245 #0 - TYTUŁ/ODPOWIEDZIALNOŚĆ
Tytuł Mikroprocesory :
Ciąg dalszy tytułu dydaktyka i zastosowania. VII Seminarium Naukowe Wrocław 25-28 maja 1986, VIII Seminarium Naukowe Zielona Góra 10-11 kwietnia 1987.
260 ## - STREFA ADRESU WYDAWNICZEGO
Miejsce wydania Zielona Góra,
Data publikacji, dystrybucji/powstania dokumentu 1987.
856 ## - LOKALIZACJA I DOSTĘP DO ELEKTRONICZNYCH DOKUMENTÓW ZDALNYCH
Link (URL) http://koha.tu.koszalin.pl/cgi-bin/koha/opac-detail.pl?biblionumber=23936
Tekst linku Katalog online BPK
942 ## - DODATKOWE ELEMENTY (KOHA)
Typ dokumentu Książka
Egzemplarze
Wycofany Status egzemplarza Uszkodzony Dostępność Lokalizacja stała Lokalizacja bieżąca Miejsce przechowywania Sygnatura Kod kreskowy Typ dokumentu
      Dostępny Biblioteka Politechniki Koszalińskiej Biblioteka Politechniki Koszalińskiej Wypożyczalnia BG 34189 01099454 Książka
© 2023 Biblioteka Politechniki Koszalińskiej :: KOHA